| 000 | 00486cam a22002051 4500 | ||
|---|---|---|---|
| 001 | sa 66006315 | ||
| 003 | DLC | ||
| 005 | 20260227112255.0 | ||
| 008 | 890227s1966 xx 000 0 ben | ||
| 010 | _asa 66006315 | ||
| 035 | _a(OCoLC)23569868 | ||
| 040 |
_aDLC _cMiU _dDLC |
||
| 050 | 0 | 0 |
_aPK1718.D2616 _bP7 |
| 100 | 1 |
_aDas, Nabagopal, _d1910- |
|
| 245 | 1 | 0 | _aPriẏatameshu. |
| 260 | _c[1966] | ||
| 300 |
_a112 p. _c23 cm. |
||
| 500 | _aIn Bengali. | ||
| 500 | _aShort stories. | ||
| 999 |
_c70460 _d70460 |
||